Quel constructeur automobile ? - Statistiques

Statistiques générales
  • Ce quiz a été pris 147 fois
  • Le résultat moyen est 22 sur 27
Statistiques - réponses
Modèle Constructeur % Correct
205 Peugeot
97%
Mustang Ford
96%
A8 Audi
94%
911 Carrera Porsche
94%
Chiron Bugatti
93%
Civic Honda
93%
Classe G Mercedes-Benz
93%
Série 3 BMW
89%
Testarossa Ferrari
89%
Prius Toyota
89%
A110 Alpine
87%
500 Fiat
87%
Charger Dodge
86%
Huracan Lamborghini
86%
Qashqai Nissan
86%
Modèle S Tesla
86%
Beetle Volkswagen
81%
Corvette Chevrolet
79%
Sportage Kia
77%
Wrangler Jeep
75%
Avantime Renault
71%
Mokka Opel
70%
Impreza Subaru
68%
Tucson Hyundai
66%
Formentor Cupra
57%
PT Cruiser Chrysler
49%
Ghibli Maserati
49%
Aucun quiz correspondant
Distribution des résultats
% des personnes avec chaque résultat
Percentile par nombre de réponses
Votre historique - résultats
Vous n’avez pas pris ce quiz